Descobreix que Barcelona és molt més = découvrez que Barcelona c'est bien plus
Descripción Física:
1 f. plegat en 4 parts ; 22x 11 cm
Materias:
Turisme -- Barcelona (Província)
MARC
| LEADER | 00000nam a2200000Ia 4500 | ||
|---|---|---|---|
| 001 | 23737 | ||
| 008 | 160829s2014 xx 000 0 cat d | ||
| 080 | |a FU-62-26 | ||
| 245 | |a Descobreix que Barcelona és molt més = découvrez que Barcelona c'est bien plus | ||
| 260 | |a Barcelona : |b Diputació de Barcelona : |b Turisme de Barcelona, |c 2014 | ||
| 300 | |a 1 f. plegat en 4 parts ; |c 22x 11 cm | ||
| 590 | |a Text bilingüe (català-francès). Hi ha un altre exemplar en bilingüe (castellà-anglès) amb R. 23736 i en alemany-rus amb R. 24137 | ||
| 650 | 0 | |a Turisme |z Barcelona (Província) |9 32796 | |
| 710 | 1 | |a Barcelona (Catalunya : Província). |b Diputació |9 52408 | |
| 856 | |u www.barcelonaturisme.cat. |x www.visitbarcelona.com. |x www.barcelonaesmuchomas.com. |x www.barcelonaismuchmore.com | ||
| 901 | |a Arxiu | ||
| 942 | |n 1 | ||
| 952 | |0 0 |1 0 |4 0 |6 FU6226 |7 1 |9 55483 |a Arxiu |b Arxiu |d 2016-12-01 |l 0 |o FU-62-26 |p 23737 |r 2016-12-01 00:00:00 |w 2016-12-01 |y ARXIU | ||
| 952 | |0 0 |1 0 |4 0 |6 E01481 |7 0 |8 PD |9 63162 |a TURISME |b TURISME |d 2022-07-25 |l 0 |o E.01481 |p TURISME22070309 |r 2022-07-25 00:00:00 |w 2022-07-25 |y GT | ||
| 999 | |c 59356 |d 59356 | ||